000 00642nam a2200265Ia 4500
005 20260121170044.0
008 008 260114s9999 xx 000 0 eng d
020 _a9781484228418
037 _aEBOOK
040 _aCRL
040 _beng
040 _cCRL
041 _2eng
041 _aeng
084 _qCRL
100 _aSunil Gulabani
_91059275
245 0 _aPractical Amazon EC2, SQS, Kinesis, and S3
260 _bSpringer
260 _bSpringer
260 _c2017
856 _uhttps://link.springer.com/openurl?genre=book&isbn=978-1-4842-2841-8
942 _cEBOOK
999 _c1625004
_d1625004